Mouvements féministes : (رقم التسجيلة. 177692)

تفاصيل مارك
000 -LEADER
fixed length control field 01375namaa2200361 i 4500
003 - CONTROL NUMBER IDENTIFIER
control field EG-GICUC
005 - DATE AND TIME OF LATEST TRANSACTION
control field 20260114131735.0
008 - FIXED-LENGTH DATA ELEMENTS--GENERAL INFORMATION
fixed length control field 260114s2000 mr ||||gr|||| 100 0 eng d
020 ## - INTERNATIONAL STANDARD BOOK NUMBER
International Standard Book Number 998182917X
040 ## - CATALOGING SOURCE
Original cataloging agency EG-GiCUC
Language of cataloging eng
Transcribing agency EG-GiCUC
Modifying agency EG-GiCUC
Description conventions rda
041 ## - LANGUAGE CODE
Language code of text/sound track or separate title eng
-- fre
-- ara
082 04 - DEWEY DECIMAL CLASSIFICATION NUMBER
Edition number 21
Classification number 305.42
Item number M9922 1999
092 04 - LOCALLY ASSIGNED DEWEY CALL NUMBER (OCLC)
Edition number 21
Classification number 305.42
Item number M9922 1999
099 ## - LOCAL FREE-TEXT CALL NUMBER (OCLC)
Classification number 305.42 M9922 1999
100 1# - MAIN ENTRY--PERSONAL NAME
Relator term Author.
245 00 - TITLE STATEMENT
Title Mouvements féministes :
Remainder of title origines et orientations /
Statement of responsibility, etc. préparé par Fatima Sadiqi ... [et al.].
246 15 - VARYING FORM OF TITLE
Title proper/short title Feminist movements
246 15 - VARYING FORM OF TITLE
Title proper/short title الحركات النسائية :
Remainder of title الأسس و التوجهات
264 ## - PRODUCTION, PUBLICATION, DISTRIBUTION, MANUFACTURE, AND COPYRIGHT NOTICE
Place of production, publication, distribution, manufacture Dhar el-Mehraz, Fès :
Name of producer, publisher, distributor, manufacturer Université Sidi Mohamed ben Abdallah, Faculté des lettres et des sciences humaines, Centre d'études et de recherches sur la femme,
Date of production, publication, distribution, manufacture, or copyright notice [2000].
300 ## - PHYSICAL DESCRIPTION
Extent 214, 100 pages ;
Dimensions 22 cm.
336 ## - CONTENT TYPE
Source rdacontent
Content type term text
337 ## - MEDIA TYPE
Source rdamedia
Media type term Unmediated
338 ## - CARRIER TYPE
Source rdacarrier
Carrier type term volume
500 ## - GENERAL NOTE
General note English, French, and Arabic.
504 ## - BIBLIOGRAPHY, ETC. NOTE
Bibliography, etc. note .
541 ## - IMMEDIATE SOURCE OF ACQUISITION NOTE
Source of acquisition Dr. Jabir Usfour ;
Address Cairo ;
Method of acquisition Gift ;
Date of acquisition 2024.
650 1# - SUBJECT ADDED ENTRY--TOPICAL TERM
Topical term or geographic name entry element Feminism
Form subdivision Congresses.
Source of heading or term qrmak
651 1# - SUBJECT ADDED ENTRY--GEOGRAPHIC NAME
Source of heading or term qrmak
700 1# - ADDED ENTRY--PERSONAL NAME
Personal name Sadiqi, Fatima
9 (RLIN) 10525
710 ## - ADDED ENTRY--CORPORATE NAME
Corporate name or jurisdiction name as entry element Jāmiʻat Sīdī Muḥammad ibn ʻAbd Allāh.
Subordinate unit Markaz al-Dirāsāt wa-al-Abḥāth ḥawla al-Marʼah.
905 ## - Cataloger and Reviser Names
Cataloger Name Asmaa
942 ## - ADDED ENTRY ELEMENTS (KOHA)
Source of classification or shelving scheme Dewey Decimal Classification
Koha item type Books
Edition 21
Suppress in OPAC No
المقتنيات
Withdrawn status Lost status Source of classification or shelving scheme Damaged status Not for loan Home library Current library Date acquired Inventory number Total checkouts Full call number Barcode Date last seen Price effective from Koha item type
    Dewey Decimal Classification   Not for loan المكتبة المركزبة الجديدة - جامعة القاهرة قاعة المكتبات المهداة - الدور الرابع 14.01.2026 206568   305.42 M9922 1999 J.U. 01000110206568000 14.01.2026 14.01.2026 Books
Cairo University Libraries Portal Implemented & Customized by: Eng. M. Mohamady Contacts: new-lib@cl.cu.edu.eg | cnul@cl.cu.edu.eg
CUCL logo CNUL logo
© All rights reserved — Cairo University Libraries
CUCL logo
Implemented & Customized by: Eng. M. Mohamady Contact: new-lib@cl.cu.edu.eg © All rights reserved — New Central Library
CNUL logo
Implemented & Customized by: Eng. M. Mohamady Contact: cnul@cl.cu.edu.eg © All rights reserved — Cairo National University Library